[Event "PHI-ch sf (Women)"]
[Site "Manila"]
[Date "2014.??.??"]
[Round "6"]
[White "De Guzman, Ruth Aubrey"]
[Black "Villa, Enrica"]
[Result "1/2-1/2"]
[WhiteElo "1905"]
[BlackElo "1970"]
[PlyCount "60"]
[EventDate "2014.03.??"]
[EventType "swiss"]
[EventRounds "9"]
[EventCountry "PHI"]
[SourceTitle "EXT 2016"]
[Source "ChessBase"]
[SourceDate "2015.10.08"]
[SourceVersion "1"]
[SourceVersionDate "2015.10.08"]
[SourceQuality "1"]

1. d4 g6 2. Nf3 Bg7 3. Bf4 d6 4. e3 Nd7 5. h3 e5 6. Bg3 Qe7 7. Be2 Nh6 8. c3 f5 9. dxe5 dxe5 10. 0-0 0-0 11. Re1 Nf7 12. Bc4 Kh8 13. Na3 Nd6 14. Bf1 g5 15. Nc4 Nxc4 16. Bxc4 Nb6 17. Bb3 h6 18. Qe2 Bd7 19. Rad1 Be8 20. Nd2 Qf6 21. f3 c6 22. e4 f4 23. Bf2 Bf7 24. Nc4 Nxc4 25. Bxc4 b5 26. Bxf7 Qxf7 27. Rd6 Rac8 28. b3 Bf6 29. Red1 Rc7 30. Qd2 Re8 1/2-1/2

[Event "PHI-ch sf (Women)"]
[Site "Manila"]
[Date "2014.??.??"]
[Round "7"]
[White "Villa, Enrica"]
[Black "Vicente, Venice"]
[Result "1/2-1/2"]
[WhiteElo "1970"]
[BlackElo "1945"]
[PlyCount "75"]
[EventDate "2014.03.??"]
[EventType "swiss"]
[EventRounds "9"]
[EventCountry "PHI"]
[SourceTitle "EXT 2016"]
[Source "ChessBase"]
[SourceDate "2015.10.08"]
[SourceVersion "1"]
[SourceVersionDate "2015.10.08"]
[SourceQuality "1"]

1. e4 e6 2. d4 d5 3. Nd2 Be7 4. Bd3 c5 5. dxc5 Nc6 6. Ngf3 Nf6 7. Qe2 Qc7 8. c3 a5 9. 0-0 0-0 10. h3 h6 11. Rd1 Rd8 12. Qe3 Nd7 13. Bc2 Bxc5 14. Qd3 Nde5 15. Nxe5 Nxe5 16. Qg3 f6 17. Nf3 Nxf3+ 18. Qxf3 d4 19. cxd4 Bxd4 20. Bd3 e5 21. Rb1 Be6 22. b3 a4 23. Qe2 axb3 24. axb3 Rd6 25. Be3 Rad8 26. Rdc1 Qb6 27. Bxd4 Rxd4 28. Bc4 Rd2 29. Bxe6+ Qxe6 30. Qc4 Kf7 31. Qxe6+ Kxe6 32. Rc7 R8d7 33. Rbc1 R2d3 34. R7c3 Rd2 35. Rc7 Kd6 36. Rc8 Ke7 37. R8c7 R2d3 38. R7c3 1/2-1/2